| 000 | 01343nam a2200337Ia 4500 | ||
|---|---|---|---|
| 001 | ebr10127967 | ||
| 003 | CaPaEBR | ||
| 006 | m u | ||
| 007 | cr cn||||||||| | ||
| 008 | 040728s2005 ne a sb 001 0 eng d | ||
| 010 | _z 2004017738 | ||
| 020 | _z0126393710 (hardcover : alk. paper) | ||
| 020 | _z0120887835 (CD-ROM) | ||
| 040 |
_aCaPaEBR _cCaPaEBR |
||
| 035 | _a(OCoLC)647496522 | ||
| 050 | 1 | 4 |
_aHG4637 _b.S54 2005eb |
| 082 | 0 | 4 |
_a332.63/221 _222 |
| 100 | 1 |
_aShefrin, Hersh, _d1948- |
|
| 245 | 1 | 2 |
_aA behavioral approach to asset pricing _h[electronic resource] / _cHersh Shefrin. |
| 260 |
_aAmsterdam ; _aBoston : _bElsevier Academic Press, _cc2005. |
||
| 300 |
_axxi, 488 p. : _bill. |
||
| 490 | 1 | _aAcademic Press advanced finance series | |
| 504 | _aIncludes bibliographical references (p. [457]-471) and index. | ||
| 533 |
_aElectronic reproduction. _bPalo Alto, Calif. : _cebrary, _d2009. _nAvailable via World Wide Web. _nAccess may be limited to ebrary affiliated libraries. |
||
| 650 | 0 | _aCapital assets pricing model. | |
| 650 | 0 | _aRisk management. | |
| 655 | 7 |
_aElectronic books. _2local |
|
| 710 | 2 | _aebrary, Inc. | |
| 830 | 0 | _aAcademic Press advanced finance series. | |
| 856 | 4 | 0 |
_uhttp://site.ebrary.com/lib/rucke/Doc?id=10127967 _zAn electronic book accessible through the World Wide Web; click to view |
| 999 |
_c82001 _d82001 |
||